| 000 | 00403nam a2200169Ia 4500 | ||
|---|---|---|---|
| 999 |
_c687 _d687 |
||
| 020 | _a0 435 35495 7 | ||
| 082 | _aRR 912 KID-; | ||
| 100 | _aKidron, Michael | ||
| 245 | 0 | _aState of the world atlas: a pluto press project | |
| 260 |
_aNew Delhi _bVikas Publishing _c1981 |
||
| 300 | _av.p: maps | ||
| 650 | _aAtlases | ||
| 650 | _aGeography | ||
| 650 | _aMaps | ||
| 700 | _aSegal, Ronald | ||
| 942 | _cBK | ||